| 000 | 00572nam a2200277Ia 4500 | ||
|---|---|---|---|
| 005 | 20260401122231.0 | ||
| 008 | 008 250103s9999 xx 000 0 eng d | ||
| 020 | _a192892754 | ||
| 037 | _aTB | ||
| 040 | _aEDL | ||
| 040 | _beng | ||
| 040 | _cEDL | ||
| 041 | _2eng | ||
| 041 | _aeng | ||
| 084 | _a111.85 FEA | ||
| 084 | _qEDL | ||
| 245 | 0 | _aAesthetics | |
| 260 | _aOxford | ||
| 260 | _bOxford University Press | ||
| 260 | _c1997 | ||
| 300 | _a418p | ||
| 942 | _cTB | ||
| 942 | _h111.85 FEA | ||
| 999 |
_c1845842 _d1845842 |
||